Normal view
MARC view
- Mottershead, J. E, Friswell, M. I
Entry Personal Name
001 - CONTROL NUMBER
- control field: 67631
003 - CONTROL NUMBER IDENTIFIER
- control field: NUST
005 - DATE AND TIME OF LATEST TRANSACTION
- control field: 20210628203850.0
008 - FIXED-LENGTH DATA ELEMENTS
- fixed length control field: 210628|| aca||aabn | a|a d
040 ## - CATALOGING SOURCE
- Original cataloging agency: NUST
- Transcribing agency: NUST
100 ## - HEADING--PERSONAL NAME
- Personal name: Mottershead, J. E, Friswell, M. I
670 ## - SOURCE DATA FOUND
- Source citation: Work cat.: (NUST): Mottershead, J. E, Friswell, M. I, Finite element model updating in structural dynamics, 1995
